00898 a2200313 4500003000500000005001700005020002500022020001800047040000900065082001400074100001900088245006600107250001300173260003400186300003700220440005400257650001700311650001700328650005000345650001500395650001500410650002900425650002600454650002700480650002500507650002200532650001500554650001500569Nust20170207171606.0 a0-471-21571-6 (inb.) a9780471215714 cNust04a621.382751 aAgrawal, G. P.00aFiber-optic communication systems (E-BOOK)cGovind P. Agrawal a3. uppl. aNew York :bWiley,ccop. 2002 axvii, 546 s. :bill. +e1 CD-ROM 0aWiley series in microwave and optical engineering 0aFiber optics 0aFiber Optics 0aFiber optics (Tele communication engineering) 0aFiberoptik 0aFiberoptik 0aFiberteknik (Teleteknik) 0aOptical communication 0aOptical communications 0aOptisk kommunikation 0aTelekommunikation 0aTeleteknik 0aTeleteknik